Countries which Recently Changed Their Capitals - Statistics

General Stats
  • This quiz has been taken 99 times
    25 since last reset
  • The average score is 13 of 20
Answer Stats
Year Changed Previous Capital Country % Correct
1991 Lagos Nigeria
100%
1996 Dar Es Salaam Tanzania
100%
1970 Belize City Belize
95%
1998 Almaty Kazakhstan
95%
1975 Ho Chi Minh City/Saigon Vietnam
95%
1974 Boe Guinea-Bissau
90%
1973 Bissau Guinea-Bissau
90%
1982 Colombo Sri Lanka
90%
2005 Yangon Myanmar
86%
1983 Abidjan Ivory Coast
81%
1976 Baguio, Quezon City Philippines
76%
2018 Bujumbura Burundi
67%
1975 Luang Prabang Laos
67%
2026 Malabo Equatorial Guinea
62%
1975 Zomba Malawi
33%
2006 Koror City Palau
33%
1972 Mujibnagar Bangladesh
29%
1970 Salalah Oman
24%
1989 Kolonia Federated States of Micronesia
19%
1978 Jabor Marshall Islands
14%
No matching quizzes found
Score Distribution
Percent of People with Each Score
Percentile by Number Answered
Your Score History
You have not taken this quiz since the last reset